000 nam a22 a 4500
999 _c1945
_d1945
005 20170515161209.0
008 170512s2006 my ||||| |||| 00| 0 eng d
040 _aAKMAL
082 _a382.9595052 PER
090 _a382.9595052
_bPER
110 2 _aMalaysia
_bKastam Diraja Malaysia
_92857
245 0 0 _aAkta Kastam 1967:Perintah Duti Kastam( Barang-Barang Di Bawah Perjanjian Perkongsian Ekonomi Malaysia-Jepun) 2006 [P.U.(A) 265/06] =
_bCustoms Act 1967:Customs Duties ( Goods Under The Malaysia-Japan Economic Partnership Agreement) Order 2006 [P.U.(A) 265/06]
260 _aKuala Lumpur;
_bPercetakan Nasional Berhad,
_c2006
300 _a724pages
_c25cm
500 _aParallel text in Bahasa Malaysia and English
650 1 _aTariff
_xLaw and legislation
_zMalaysia
_920
650 2 _aCustoms Administration
_xLaw and legislation
_zMalaysia
_94033
710 2 _aMalaysia
_bKastam Diraja Malaysia
_92857
942 _2ddc
_cBOOK
950 _lAKMAL